The city in history its origins, its transformations, and its prospects (Record no. 6007)

000 -LEADER
fixed length control field 00311nam a2200109Ia 4500
008 - FIXED-LENGTH DATA ELEMENTS--GENERAL INFORMATION
fixed length control field 200302s9999 xx 000 0 und d
100 ## - MAIN ENTRY--PERSONAL NAME
Personal name Lewis mumford
245 ## - TITLE STATEMENT
Title The city in history its origins, its transformations, and its prospects
260 ## - PUBLICATION, DISTRIBUTION, ETC.
Name of publisher, distributor, etc. A Harvst book harcourt, Inc.
260 ## - PUBLICATION, DISTRIBUTION, ETC.
Date of publication, distribution, etc. 1989
300 ## - PHYSICAL DESCRIPTION
Extent 657
Holdings
Withdrawn status Lost status Source of classification or shelving scheme Damaged status Not for loan Permanent Location Current Location Date acquired Cost, normal purchase price Full call number Barcode Date last seen Price effective from Koha item type Public note
          BMS College of Architecture, Design and Planning BMS College of Architecture, Design and Planning 2020-03-03 2001.00 301.36 AR-PG16 2020-03-03 2020-03-03 PG Books S-11
          BMS College of Architecture, Design and Planning BMS College of Architecture, Design and Planning 2020-03-03 1995.00 301.36 AR-PG104 2020-03-03 2020-03-03 PG Books S-11
          BMS College of Architecture, Design and Planning BMS College of Architecture, Design and Planning 2020-03-03 1995.00 301.36 AR-PG105 2020-03-03 2020-03-03 PG Books S-11
          BMS College of Architecture, Design and Planning BMS College of Architecture, Design and Planning 2020-03-03 1995.00 301.36 AR-PG106 2020-03-03 2020-03-03 PG Books S-11
Copyright © 2025, The Librarian, Library and Information Centre, BMSCA D&P, Bengaluru. All Rights Reserved
web counter

Powered by Koha